| 000 | 004440000a22001690004500 | ||
|---|---|---|---|
| 041 | 0 | _aSPA | |
| 082 | 0 | 4 | _aG 264 P337a |
| 100 | 1 | _aPavasars, Viesturs | |
| 245 | 1 | 0 | _aAdoremos al Señor : Aleluya / Viesturs Pavasars B. |
| 260 | _aSantafé de Bogotá : Coextensión | ||
| 300 | _a94 Pág. | ||
| 001 | 13919 | ||
| 942 | _cBK | ||
| 999 |
_c42852 _d42852 |
||
| 336 |
_atexto _btxt _2rdacontent |
||
| 337 |
_2rdamedia _asin mediación _bn |
||
| 338 |
_2rdacarrier _avolumen _bnc |
||